[Event "IECC CL8-2009.01 email"]
[Site "IECC email"]
[Date "2009.02.03"]
[Round "?"]
[White "Malagar, Leo"]
[Black "Magee, Kerry"]
[Result "1-0"]
[WhiteElo "1042"]
[BlackElo "891"]
[PlyCount "61"]
[EventDate "2009.??.??"]
[EventType "tourn (corr)"]
[EventRounds "4"]
[SourceTitle "Corr 2011"]
[Source "ChessBase"]
[SourceDate "2010.08.31"]
[SourceVersion "1"]
[SourceVersionDate "2010.08.31"]
[SourceQuality "1"]
[WhiteTeam "Philippines"]
[BlackTeam "US of America"]
[WhiteTeamCountry "PHI"]
[BlackTeamCountry "USA"]

1. Nf3 d5 2. d4 Nf6 3. e3 Bg4 4. Nc3 Nc6 5. Bb5 Qd7 6. h3 Bxf3 7. Qxf3 0-0-0 8. Bd2 e6 9. 0-0-0 a6 10. Be2 Bb4 11. h4 g6 12. Qxf6 Qe7 13. Qxe7 Nxe7 14. a3 Bxc3 15. Bxc3 Nc6 16. e4 f5 17. e5 h6 18. Kd2 g5 19. Kd3 f4 20. Bg4 Kd7 21. Bd2 h5 22. Be2 Rdg8 23. hxg5 Rxg5 24. g3 h4 25. Bxf4 Rf5 26. Ke3 h3 27. Bg4 Rff8 28. Bxh3 Na5 29. b3 b6 30. Bg5 Rf7 31. Bxe6+ 1-0

[Event "IECC CL8-2008.06 email"]
[Site "IECC email"]
[Date "2009.01.04"]
[Round "?"]
[White "Cuaycong, Virgilio"]
[Black "Magee, Kerry"]
[Result "1-0"]
[WhiteElo "1194"]
[BlackElo "854"]
[PlyCount "55"]
[EventDate "2009.??.??"]
[EventType "tourn (corr)"]
[EventRounds "4"]
[SourceTitle "Corr 2011"]
[Source "ChessBase"]
[SourceDate "2010.08.31"]
[SourceVersion "1"]
[SourceVersionDate "2010.08.31"]
[SourceQuality "1"]
[WhiteTeam "Philippines"]
[BlackTeam "US of America"]
[WhiteTeamCountry "PHI"]
[BlackTeamCountry "USA"]

1. c4 e5 2. Nc3 Nf6 3. Nf3 Nc6 4. g3 Bb4 5. Bg2 d6 6. Nd5 Nxd5 7. cxd5 Nd4 8. Nxd4 exd4 9. Qa4+ Bd7 10. Qxb4 b6 11. Qxd4 Qf6 12. Qxf6 gxf6 13. d4 0-0-0 14. 0-0 Rde8 15. e3 Bb5 16. Re1 a6 17. Bd2 Kb7 18. Rac1 h6 19. b3 f5 20. a4 Bd3 21. f3 a5 22. Rc3 Be4 23. fxe4 fxe4 24. Rf1 Rhf8 25. Rf4 f5 26. Bh3 Rf6 27. Bxf5 Ref8 28. Bxe4 1-0

[Event "IECC CL8-2008.06 email"]
[Site "IECC email"]
[Date "2009.01.04"]
[Round "?"]
[White "Mitchell, TT."]
[Black "Magee, Kerry"]
[Result "1-0"]
[WhiteElo "861"]
[BlackElo "870"]
[PlyCount "65"]
[EventDate "2009.??.??"]
[EventType "tourn (corr)"]
[EventRounds "4"]
[SourceTitle "Corr 2011"]
[Source "ChessBase"]
[SourceDate "2010.08.31"]
[SourceVersion "1"]
[SourceVersionDate "2010.08.31"]
[SourceQuality "1"]
[WhiteTeam "US of America"]
[BlackTeam "US of America"]
[WhiteTeamCountry "USA"]
[BlackTeamCountry "USA"]

1. e4 e5 2. Nf3 Nc6 3. c3 Nf6 4. d3 d6 5. h3 g6 6. Be2 Bg7 7. 0-0 0-0 8. b4 a6 9. a4 b6 10. Ng5 h6 11. Nf3 d5 12. exd5 Nxd5 13. Ba3 Nf4 14. b5 axb5 15. Bxf8 Bxf8 16. Nbd2 Nxe2+ 17. Qxe2 Bd6 18. axb5 Na5 19. Nb3 Qf6 20. Nxa5 bxa5 21. Qe4 Ra7 22. Qc6 Bd7 23. Qxd7 Qe7 24. Qc8+ Qf8 25. Qxf8+ Kxf8 26. Rfb1 f6 27. b6 cxb6 28. Rxb6 Be7 29. Rb8+ Kf7 30. Ra4 Bd6 31. Rb5 Bc7 32. Nd2 g5 33. Nc4 1-0

[Event "IECC CL8-2008.05 email"]
[Site "IECC email"]
[Date "2008.10.31"]
[Round "?"]
[White "Mitchell, TT."]
[Black "Magee, Kerry"]
[Result "1/2-1/2"]
[WhiteElo "838"]
[BlackElo "883"]
[PlyCount "75"]
[EventDate "2008.??.??"]
[EventType "tourn (corr)"]
[EventRounds "4"]
[SourceTitle "Corr 2011"]
[Source "ChessBase"]
[SourceDate "2010.08.31"]
[SourceVersion "1"]
[SourceVersionDate "2010.08.31"]
[SourceQuality "1"]
[WhiteTeam "US of America"]
[BlackTeam "US of America"]
[WhiteTeamCountry "USA"]
[BlackTeamCountry "USA"]

1. e4 e5 2. Nf3 Nc6 3. c3 Nf6 4. d3 d6 5. h3 Be6 6. b3 Be7 7. Ng5 Qd7 8. Nxe6 Qxe6 9. Be2 g6 10. 0-0 0-0-0 11. Bh6 Nh5 12. Bxh5 gxh5 13. Qxh5 Qg6 14. Qxg6 hxg6 15. Be3 Rdf8 16. Nd2 Nd8 17. b4 Ne6 18. a4 Nf4 19. Bxf4 exf4 20. f3 f5 21. Kf2 c6 22. Rac1 Bf6 23. Nb1 fxe4 24. dxe4 b6 25. Ke2 Be5 26. Na3 d5 27. exd5 cxd5 28. Nb5 a6 29. Nd4 Bxd4 30. cxd4+ Kb7 31. Rc2 Rc8 32. Rxc8 Kxc8 33. Rc1+ Kd7 34. b5 a5 35. Rc6 Re8+ 36. Kd2 Re6 37. Rxe6 Kxe6 38. Ke2 1/2-1/2

[Event "IECC CL8-2007.07 email"]
[Site "IECC email"]
[Date "2007.11.20"]
[Round "?"]
[White "Komcharukova, Marina"]
[Black "Magee, Kerry"]
[Result "1-0"]
[WhiteElo "1027"]
[BlackElo "844"]
[PlyCount "25"]
[EventDate "2007.??.??"]
[EventType "tourn (corr)"]
[EventRounds "4"]
[SourceTitle "Corr 2020"]
[Source "ChessBase"]
[SourceDate "2019.09.30"]
[SourceVersion "1"]
[SourceVersionDate "2019.09.30"]
[SourceQuality "1"]
[WhiteTeam "Russia"]
[BlackTeam "United States"]
[WhiteTeamCountry "RUS"]
[BlackTeamCountry "USA"]

1. e4 e5 2. Nf3 Nf6 3. d4 Nxe4 4. Bd3 d5 5. dxe5 Nc6 6. 0-0 Bc5 7. Nbd2 Bf5 8. Qe2 0-0 9. Nxe4 dxe4 10. Bxe4 Bxe4 11. Qxe4 Qe7 12. Ng5 Qxe5 13. Qxh7# 1-0

[Event "IECC CL8-2006.12 email"]
[Site "IECC email"]
[Date "2006.11.28"]
[Round "?"]
[White "Magee, Kerry"]
[Black "Maggiora, Aldo"]
[Result "0-1"]
[WhiteElo "871"]
[BlackElo "1014"]
[PlyCount "74"]
[EventDate "2006.??.??"]
[EventType "tourn (corr)"]
[EventRounds "4"]
[SourceTitle "Corr 2020"]
[Source "ChessBase"]
[SourceDate "2019.09.30"]
[SourceVersion "1"]
[SourceVersionDate "2019.09.30"]
[SourceQuality "1"]
[WhiteTeam "United States"]
[BlackTeam "Italy"]
[WhiteTeamCountry "USA"]
[BlackTeamCountry "ITA"]

1. e4 d6 2. d4 Nf6 3. Nc3 g6 4. f4 Bg7 5. Nf3 c5 6. dxc5 Qa5 7. Bd3 Qxc5 8. Qe2 Bg4 9. Be3 Qa5 10. 0-0-0 0-0 11. h3 Bxf3 12. Qxf3 Nc6 13. Bb5 Nh5 14. Bxc6 bxc6 15. Bd4 Bxd4 16. Rxd4 Nxf4 17. Qxf4 e5 18. Qe3 exd4 19. Qxd4 Qg5+ 20. Qd2 Qxd2+ 21. Kxd2 f5 22. Rf1 fxe4 23. Rxf8+ Rxf8 24. Nxe4 d5 25. Nd6 Rf2+ 26. Kc1 Kf8 27. g4 Ke7 28. Nc8+ Kd7 29. Nxa7 Kc7 30. a4 Kb7 31. Nxc6 Kxc6 32. b3 d4 33. Kd1 Kc5 34. a5 Kb4 35. a6 Kc3 36. a7 Rf1+ 37. Ke2 Ra1 0-1

[Event "IECC Swiss-497.4"]
[Site "IECC email"]
[Date "2006.11.27"]
[Round "?"]
[White "Magee, Kerry"]
[Black "Bruce, Earle"]
[Result "0-1"]
[WhiteElo "852"]
[BlackElo "1452"]
[PlyCount "38"]
[EventDate "2006.??.??"]
[EventType "swiss (corr)"]
[EventRounds "1"]
[SourceTitle "Corr 2020"]
[Source "ChessBase"]
[SourceDate "2019.09.30"]
[SourceVersion "1"]
[SourceVersionDate "2019.09.30"]
[SourceQuality "1"]
[WhiteTeam "United States"]
[BlackTeam "Canada"]
[WhiteTeamCountry "USA"]
[BlackTeamCountry "CAN"]

1. e4 e6 2. d4 d5 3. Nc3 Bb4 4. e5 c5 5. a3 Bxc3+ 6. bxc3 Ne7 7. Nf3 Bd7 8. Be2 Ba4 9. 0-0 Qc7 10. Be3 b6 11. Bg5 cxd4 12. Bxe7 Kxe7 13. Nxd4 Qxc3 14. Ra2 Nc6 15. Nxc6+ Qxc6 16. Qd3 a6 17. Bd1 Bb5 18. Qd2 Bxf1 19. Kxf1 Qc4+ 0-1

[Event "IECC CL8-2006.10 email"]
[Site "IECC email"]
[Date "2006.09.29"]
[Round "?"]
[White "Selva, Jo"]
[Black "Magee, Kerry"]
[Result "0-1"]
[WhiteElo "983"]
[BlackElo "880"]
[PlyCount "28"]
[EventDate "2006.??.??"]
[EventType "tourn (corr)"]
[EventRounds "4"]
[SourceTitle "Corr 2020"]
[Source "ChessBase"]
[SourceDate "2019.09.30"]
[SourceVersion "1"]
[SourceVersionDate "2019.09.30"]
[SourceQuality "1"]
[WhiteTeam "Brazil"]
[BlackTeam "United States"]
[WhiteTeamCountry "BRA"]
[BlackTeamCountry "USA"]

1. e4 e5 2. Nf3 Nc6 3. d4 exd4 4. Nxd4 Nf6 5. Nc3 Bb4 6. Bd2 Nxd4 7. e5 0-0 8. exf6 Bxc3 9. bxc3 Re8+ 10. Be3 Nf5 11. fxg7 Nxe3 12. fxe3 Rxe3+ 13. Be2 Rxc3 14. 0-0 Kxg7 0-1

[Event "IECC CL8-2006.08 email"]
[Site "IECC email"]
[Date "2006.07.31"]
[Round "?"]
[White "Magee, Kerry"]
[Black "Mitra, Rian"]
[Result "1-0"]
[WhiteElo "857"]
[BlackElo "1044"]
[PlyCount "124"]
[EventDate "2006.??.??"]
[EventType "tourn (corr)"]
[EventRounds "4"]
[SourceTitle "Corr 2020"]
[Source "ChessBase"]
[SourceDate "2019.09.30"]
[SourceVersion "1"]
[SourceVersionDate "2019.09.30"]
[SourceQuality "1"]
[WhiteTeam "United States"]
[BlackTeam "Canada"]
[WhiteTeamCountry "USA"]
[BlackTeamCountry "CAN"]

1. e4 e5 2. Nf3 Nc6 3. Bb5 a6 4. Ba4 Nf6 5. 0-0 Nxe4 6. d4 b5 7. Bb3 d5 8. Nxe5 Bb7 9. Bf4 Bd6 10. Nxc6 Bxc6 11. Bxd6 Qxd6 12. Nd2 0-0 13. Nxe4 dxe4 14. c4 bxc4 15. Bxc4 Bb5 16. Bxb5 axb5 17. Qe2 Qxd4 18. Rab1 c6 19. Rfd1 Qf6 20. Qxe4 Rxa2 21. Qf3 c5 22. Qxf6 gxf6 23. b4 c4 24. Rd5 Rb8 25. Rf5 c3 26. Rc5 Rb2 27. Rc1 c2 28. R5xc2 Rxb4 29. g3 Kg7 30. h4 Rg4 31. Kg2 Ra4 32. Rc5 b4 33. R5c4 Rg8 34. Rb1 Ra3 35. Rbxb4 f5 36. Rf4 Ra1 37. Rxf5 Re8 38. f4 Ra2+ 39. Kf3 Ra3+ 40. Kg4 h6 41. Re5 Re6 42. Rxe6 fxe6 43. Re4 Ra6 44. Kh5 Ra5+ 45. Re5 Rxe5+ 46. fxe5 Kh7 47. g4 Kg7 48. g5 hxg5 49. Kxg5 Kf7 50. h5 Kg7 51. h6+ Kh7 52. Kf6 Kxh6 53. Kxe6 Kg6 54. Kd6 Kf7 55. e6+ Ke8 56. e7 Kf7 57. Kd7 Kg7 58. e8Q Kh7 59. Qh5+ Kg7 60. Ke7 Kg8 61. Qg5+ Kh7 62. Kf7 Kh8 1-0

[Event "IECG QN.2005.0.00376"]
[Site "IECG email"]
[Date "2005.11.17"]
[Round "?"]
[White "Magee, Kerry"]
[Black "Venturas, Bob"]
[Result "0-1"]
[WhiteElo "986"]
[BlackElo "746"]
[PlyCount "42"]
[EventDate "2005.11.17"]
[EventType "tourn (corr)"]
[EventRounds "6"]
[SourceTitle "Corr 2008"]
[Source "ChessBase"]
[SourceDate "2008.06.24"]
[SourceVersion "1"]
[SourceVersionDate "2008.06.24"]
[SourceQuality "1"]

1. d4 d5 2. c4 Nc6 3. Nf3 Bg4 4. h3 Bxf3 5. exf3 dxc4 6. Nc3 e6 7. Bxc4 Qxd4 8. Qxd4 Nxd4 9. Be3 Nc2+ 10. Ke2 Nxa1 11. Rxa1 Bd6 12. Ne4 Ne7 13. Bd4 0-0 14. g4 b6 15. Nxd6 cxd6 16. a3 Rac8 17. Rc1 d5 18. b3 dxc4 19. bxc4 Nd5 20. Kf1 Rfd8 21. Kg2 Nf4+ 0-1

[Event "IECG QN.2005.0.00376"]
[Site "IECG email"]
[Date "2005.11.17"]
[Round "?"]
[White "Venturas, Bob"]
[Black "Magee, Kerry"]
[Result "1-0"]
[WhiteElo "746"]
[BlackElo "986"]
[PlyCount "81"]
[EventDate "2005.11.17"]
[EventType "tourn (corr)"]
[EventRounds "6"]
[SourceTitle "Corr 2008"]
[Source "ChessBase"]
[SourceDate "2008.06.24"]
[SourceVersion "1"]
[SourceVersionDate "2008.06.24"]
[SourceQuality "1"]

1. e4 c5 2. c4 Nf6 3. e5 Ne4 4. f3 Ng5 5. Nc3 g6 6. d3 Bg7 7. Bxg5 0-0 8. f4 Nc6 9. Nd5 d6 10. h3 f6 11. Bh4 Be6 12. Nc3 dxe5 13. Qe2 Nd4 14. Qd2 Bh6 15. Bf2 Bxf4 16. Be3 Bg3+ 17. Bf2 Bxf2+ 18. Qxf2 Qd7 19. b3 Rad8 20. Nf3 a6 21. Nxd4 Qxd4 22. Qxd4 exd4 23. Na4 Bf5 24. Nxc5 b6 25. Nxa6 Bc8 26. Nc7 f5 27. Be2 e5 28. Bf3 h5 29. Bb7 Rf6 30. Bd5+ Kf8 31. 0-0-0 e4 32. dxe4 fxe4 33. Bxe4 Rf2 34. Bb7 Ke7 35. Nd5+ Kf7 36. Bxc8 Rxc8 37. Nxb6 Re8 38. Rhf1 Rxf1 39. Rxf1+ Kg7 40. Rf2 d3 41. Kd2 1-0

[Event "IECC CL8-2005.07 email"]
[Site "IECC email"]
[Date "2005.11.09"]
[Round "?"]
[White "Magee, Kerry"]
[Black "Ballueder, Volker"]
[Result "1/2-1/2"]
[WhiteElo "900"]
[BlackElo "1003"]
[PlyCount "90"]
[EventDate "2005.??.??"]
[EventType "tourn (corr)"]
[EventRounds "4"]
[SourceTitle "Corr 2008"]
[Source "ChessBase"]
[SourceDate "2008.06.24"]
[SourceVersion "1"]
[SourceVersionDate "2008.06.24"]
[SourceQuality "1"]

1. d4 d5 2. c4 e6 3. Nc3 c5 4. cxd5 exd5 5. Nf3 Nc6 6. e3 Nf6 7. Bb5 Bd7 8. 0-0 c4 9. Qe2 Bb4 10. Bd2 0-0 11. Ne5 Re8 12. Bxc6 Bxc6 13. Nxc6 bxc6 14. Rac1 Bxc3 15. Bxc3 Ne4 16. b3 cxb3 17. axb3 Rb8 18. Qa6 Qb6 19. Qxb6 Rxb6 20. b4 Nxc3 21. Rxc3 Rxb4 22. Rxc6 f5 23. Rc5 g5 24. Rxd5 Rf8 25. g3 h6 26. h4 gxh4 27. gxh4 f4 28. h5 fxe3 29. fxe3 Rxf1+ 30. Kxf1 Rb1+ 31. Kg2 Rb2+ 32. Kf3 Ra2 33. e4 a5 34. e5 a4 35. e6 Ra1 36. Rd8+ Kg7 37. e7 Rf1+ 38. Ke4 Re1+ 39. Kd5 Rxe7 40. Ra8 Kf6 41. Rxa4 Rd7+ 42. Kc5 Ke6 43. Ra6+ Kf5 44. Rxh6 Ke4 45. Rd6 Rh7 1/2-1/2

[Event "IECC M-5351"]
[Site "IECC email"]
[Date "2005.10.22"]
[Round "?"]
[White "Magee, Kerry"]
[Black "Richards, Stephen John"]
[Result "0-1"]
[WhiteElo "898"]
[BlackElo "1135"]
[PlyCount "54"]
[EventDate "2005.??.??"]
[EventType "tourn (corr)"]
[EventRounds "10"]
[SourceTitle "Corr 2008"]
[Source "ChessBase"]
[SourceDate "2008.06.24"]
[SourceVersion "1"]
[SourceVersionDate "2008.06.24"]
[SourceQuality "1"]

1. e4 c5 2. Nf3 Nc6 3. d4 cxd4 4. Nxd4 Nf6 5. Nc3 e6 6. Be3 Bb4 7. Qd2 Nxe4 8. Qd3 d5 9. Be2 Qa5 10. 0-0 Nxc3 11. Bf3 Nxd4 12. Bxd4 Nb5 13. Bxg7 Rf8 14. Bxf8 Bxf8 15. c3 h6 16. a3 Nd6 17. b4 Qa6 18. Qxa6 bxa6 19. Rfd1 Nc4 20. Rd3 Bg7 21. Bh5 Bd7 22. Re1 Kf8 23. a4 Bxa4 24. Ra1 Bb5 25. g3 Rc8 26. h4 Nd6 27. Rdd1 Bxc3 0-1